000 00283nam a22000977a 4500
005 20170628105342.0
008 170628b xxu||||| |||| 00| 0 eng d
245 _aMedia Navchintan
260 _aBhopal
_bMakhanlal Chaturvedi National University of Journalism & Communication
942 _cJRL
999 _c5485
_d5483